| 000 | 00469nam a2200169Ia 4500 | ||
|---|---|---|---|
| 999 |
_c27121 _d27121 |
||
| 003 | OSt | ||
| 005 | 20201222103354.0 | ||
| 008 | 190216s9999||||xx |||||||||||||| ||und|| | ||
| 040 | _coclc | ||
| 082 |
_a894.8121 _bKAK/P |
||
| 100 |
_aKakkad, N N _97707 |
||
| 245 | 0 |
_aPakalaruthikku Mumpu / _cN N Kakkad |
|
| 260 |
_bP K Brothers, _c1994. _aCalicut: |
||
| 300 | _a79p | ||
| 650 | _aKavithkal | ||
| 942 |
_cBK _2ddc _h894.8121 _iKAK/P _k894.8121 _mKAK/P |
||